000 00298nam 22001453 4500
001 192227
010 _a978-972-37-1786-0
021 _aPT
_b380004/14
090 _a192227
100 _a20241025d u||y0pory50 ba
101 _apor
102 _aPT
200 _aBach
801 _aPT
_bBMMN
_gRPC
990 _cLIVROS